Loading...
Kooduvittavar koottamthettiyavar/
| Main Author: | |
|---|---|
| Format: | Printed Book |
| Published: |
Kannur:
Kairali,
2008.
|
| Subjects: |
| LEADER | 00538nam a22001577a 4500 | ||
|---|---|---|---|
| 082 | |a M3 |b GAN/K | ||
| 100 | |a Gangadharan M K |9 56747 | ||
| 245 | |a Kooduvittavar koottamthettiyavar/ |c by Gangadharan M K | ||
| 260 | |a Kannur: |b Kairali, |c 2008. | ||
| 300 | |a 232p. | ||
| 650 | |a Novel Malayalam |9 56748 | ||
| 650 | |a Literature Malayalam |9 56749 | ||
| 650 | |a Literature |9 56750 | ||
| 942 | |c BK | ||
| 999 | |c 138521 |d 138521 | ||
| 952 | |0 0 |1 0 |4 0 |6 M_3_000000000000000_GAN_K |7 0 |9 95559 |a SSUS |b SSUS |c STACKS |d 2018-07-25 |g 140.00 |o M3 GAN/K |p 091286 |r 2018-07-25 |w 2018-07-25 |y BK | ||